000 00536nam a2200181 4500
005 20250108165801.0
010 _aENG-143232
020 _c120.00
035 _aEN-126764
037 _bDBAD
082 _a133.5
100 _aChugh, Sumeet
_976146
245 _aDetermining Profession and ups & Douns in Career/
_cby Sumeet Chugh
260 _aNew Delhi
_bSagar Publications
_c2022
270 _a72, Janpath, Ved Mension
_bNew Delhi
_e110001
_k3320648
300 _a189p.
_c21cm(pb)
942 _2ddc
_cEN
_h133.5
_mCHU
999 _c208235
_d208235